000 00568nam a22001817a 4500
005 20240809064954.0
008 240809b |||||||| |||| 00| 0 eng d
020 _a0409016748
022 _a03789373
041 _aEnglish
082 _a349 SOU
100 _lEnglish
245 _aButterworths Consolidated Index and Noter-Up to the South African Law Reports 1980-1990
260 _aDurban:
_bButterworth Publishers (Pty) Ltd,
_c1980-90
300 _bvii, 1069 pages;
_c25 cm.
650 _aLegal practice
_bLaw
942 _cBK
_6ALISON_BN_VRIES
999 _c2527
_d2527